| 000 | 00316nam a2200109 4500 | ||
|---|---|---|---|
| 008 | 160629b xxu||||| |||| 00| 0 eng d | ||
| 100 |
_91352 _a Nair, P.K.G., et al |
||
| 245 | _aA Text Book of Genetics and Evolution | ||
| 260 |
_aD _b Konark _c1989 |
||
| 300 | _aA Text Book of Genetics and Evolution | ||
| 942 |
_2ddc _cBK |
||
| 999 |
_c1112 _d1112 |
||